TV Experten - Fußball alle Live Sender 2024 - Statistiken

Allgemein
  • Dieses Quiz wurde 175 mal gespielt
  • Das Durchschnittsergebnis liegt bei 13 aus 46
Antwortstatistiken
Sender Gebiet Experte % Korrekt
SKY Bundesliga Lothar Matthäus
91%
RTL & Magenta EM Lothar Matthäus
91%
ZDF EM / Championsleague Christoph Kramer
82%
ARD EM / DFB Pokal Bastian Schweinsteiger
79%
ZDF EM / Championsleague Per Mertesacker
77%
DAZN Championsleague Michael Ballack
61%
RTL & Magenta EM Michael Ballack
61%
SKY Bundesliga Dietmar Hamann
50%
ZDF Schiedsrichter Manuel Gräfe
50%
Amazon Prime Championsleague Matthias Sammer
42%
SKY 2. Bundesliga Torsten Mattuschka
42%
SKY Analyse Erik Meijer
41%
SKY Premier League Rene Adler
38%
RAN / Sat1 Bundesliga Rene Adler
38%
ZDF EM Rene Adler
38%
DAZN Championsleague Sami Khedira
31%
DAZN Internationale Ligen Jonas Hummels
29%
Amazon Prime Championsleague Benedikt Höwedes
26%
Amazon Prime Schiedsrichter Lutz Wagner
23%
ARD EM Almuth Schult
22%
Magenta EM Steffen Freund
22%
Amazon Prime Championsleague Miroslav Klose
21%
ARD EM Thomas Broich
18%
RTL & Magenta EM Shkodran Mustafi
17%
ARD EM Thomas Hitzlsperger
17%
SKY Premier League Mladen Petrić
16%
RTL & Magenta Schiedsrichter Patrick Ittrich
16%
RAN / Sat1 Bundesliga Stefan Kuntz
16%
Amazon Prime Championsleague Tabea Kemme
14%
RTL & Magenta EM Tabea Kemme
14%
DAZN Internationale Ligen Sebastian Kneißl
13%
DAZN Internationale Ligen Benny Lauth
11%
Amazon Prime Championsleague Patrick Owomoyela
10%
DAZN Internationale Ligen Sascha Bigalke
8%
SKY 2. Bundesliga Sören Gonther
8%
SKY Premier League Dennis Aogo
6%
Magenta EM Tim Borowski
6%
Magenta EM Fabian Reese
4%
DAZN Bundesliga Fredi Bobic
4%
Amazon Prime Championsleague Nils Petersen
4%
DAZN Internationale Ligen Alexis Menuge
3%
SKY Premier League Raphael Honigstein
3%
DAZN Internationale Ligen Christian Bernhard
2%
DAZN Internationale Ligen Max Nicu
2%
DAZN Bundesliga Thomas Reis
1%
RTL & Magenta EM Owen Hargreaves
0%
Keine übereinstimmenden Quizze gefunden
Verteilung der Resultate
Anzahl Personen mit jedem Resultat
Perzentil nach korrekt beantworteten Fragen
Ihre Resultats-Entwicklung
Sie haben dieses Quiz noch nicht gespielt